000 01113nam a2200301 c 4500
999 _c370667
_d370667
003 BLK
005 20200624115037.0
008 180407b bul|||||r ||||||| ||bul||
010 _aKNG00035411000
020 _a954-739-115-1
040 _aBLK
041 _aBUL
_cBUL
080 _aБългарска литература
_b821.163.2
_z821.163.2-32
100 1 _aЕрулски, Иван
_eпърви автор
_gГюров, Иван Тасов
_967568
139 _aЕрулски, Иван
_bЕ 84
245 1 0 _aБели дъждове
_bНовели
_cИван Ерулски; * Иван Тасов Гюров.
245 1 0 _aИзплашени
_cИван Хранов
257 _aBGR
260 _bРопотамо-90
_c1993
_9416365
_aСофия
300 _a32 с.
_bс ил.
_c20 см
380 _aX
500 _aИван Ерулски - псевд. на Иван Тасов Гюров. - Офс. изд.
700 1 _aГюров, Иван Тасов
_e*
_9366856
852 _aЦб І 26943
_bЦб
856 4 _qpdf
856 4 _qpdf
942 _cKNG
_n0
_s1
944 _aCR
_c2020-06-24
_kВ. Т.